| 000 | 00424nam a2200145Ia 4500 | ||
|---|---|---|---|
| 008 | 210210b1997 xxu||||| |||| 00| 0 eng d | ||
| 020 | _a8173711046 | ||
| 082 | _a158.1 WARE | ||
| 100 | _aWARREN (Eve) & GIELNIK (Caroline) | ||
| 245 | _aEmpower yourself: self development for women. | ||
| 260 |
_aHyderabad. _bUniversities Press (India) Ltd. _c1997 |
||
| 300 | _axiv,337 | ||
| 690 | _aApplied Psychology | ||
| 906 | _aSG03668 | ||
| 999 |
_c114520 _d114520 |
||